000 00352nam a2200145Ia 4500
008 220204s9999 xx 000 0 und d
082 _a065
_bRIC
100 _aNielander, William A
245 0 _aReadings in management
250 _aEd.3
260 _aBombay
_bTaraporevala
_c1971
650 _aManagement
700 _aRichards, Max D
942 _cBK
999 _c22710
_d22710